| 000 | 00912 a2200229 4500 | ||
|---|---|---|---|
| 003 | UA-OsUOA | ||
| 005 | 20260327122512.0 | ||
| 008 | 260327b un ||||| |||| 00| 0 ukr d | ||
| 040 |
_aUA-OsUOA _bukr _cUA-OsUOA _dUA-OsUOA |
||
| 041 | _aukr | ||
| 080 | _a82.09 | ||
| 090 |
_a82.09 _bГ68 |
||
| 100 |
_aГординський С. _924721 |
||
| 245 |
_aСлово о полку Ігореві і українська народна поезія _bВибрані проблеми _cСвятослав Гординський |
||
| 260 |
_bНакладом УВАН _c1963 _aВінніпег |
||
| 300 | _a94 с. | ||
| 490 |
_aSlavistica _vч. 46-47 |
||
| 650 |
_2UDC _a82.09 Літературна критика. Літературні дослідження _91582 |
||
| 942 |
_cBK _2udc |
||
| 955 | _a3 | ||
| 999 |
_c580263 _d580263 |
||